| 000 | 01268nam a2200361 a 4500 | ||
|---|---|---|---|
| 001 | 015948990 | ||
| 003 | OSt | ||
| 005 | 20201128021126.0 | ||
| 008 | 110930t2012 xxuadk frbd 001 0 eng d | ||
| 020 | _a9780132842983 (pbk.) | ||
| 020 | _z013284298X | ||
| 040 |
_aStDuBDS _beng _cStDuBDS _dUk _dEG-ScBUE |
||
| 082 | 0 | 0 |
_a658.1599 _222 _bBEK |
| 100 | 1 |
_aBekaert, Geert _936514 |
|
| 245 | 1 | 0 |
_aInternational financial management / _cGeert Bekaert, Robert Hodrick. |
| 250 |
_a2nd ed., _binternational ed. |
||
| 260 |
_aUpper Saddle River, United States : _bPearson Education, _cc.2012. |
||
| 300 |
_axxix, 785 p. : _bcharts, forms, tables ; _c26 cm. |
||
| 490 | 1 | _aThe Prentice Hall series in finance | |
| 500 | _aPrevious ed. : 2009. | ||
| 500 | _aIndex : p. 771-785. | ||
| 500 | _aGlossary : p. 753-769. | ||
| 504 | _aIncludes bibliographical references. | ||
| 650 | 0 |
_aInternational finance _91619 |
|
| 650 | 0 |
_aInternational business enterprises _xFinance _932766 |
|
| 650 | 0 |
_a Foreign exchange _930804 |
|
| 653 |
_bBUSADM _cNovember2014 |
||
| 655 |
_vreading book _934232 |
||
| 690 | 7 |
_aManagement and Business Studies _2blcoll |
|
| 700 | 1 |
_aHodrick, Robert J. _936515 |
|
| 830 | 0 |
_aPrentice Hall series in finance _919996 |
|
| 942 |
_2ddc _k658.1599 BEK |
||
| 999 |
_c18608 _d18580 |
||